Southville International School and Colleges
Your cart is empty.
  • Cart
  • Lists
    Public lists Eva Luna New books Lux_list list_1
    Your lists Log in to create your own lists
  • Log in to your account
  • Your cookies
  • Search history
Southville International School and Colleges
  • Advanced search
  • Recent comments
  • Most popular
  • Libraries

Log in to your account

Log in with GOOGLE


If you do not have an external account, but do have a local account, you can still log in:

  1. Home
  2. MARC view: Five children and it /
Normal view MARC view ISBD view

Five children and it / (Record no. 7522)

[ view plain ]
MARC details
000 -LEADER
fixed length control field 00554nam a22002177a 4500
003 - CONTROL NUMBER IDENTIFIER
control field SISC
005 - DATE AND TIME OF LATEST TRANSACTION
control field 20160303085234.0
008 - FIXED-LENGTH DATA ELEMENTS--GENERAL INFORMATION
fixed length control field 130723t xxu||||| |||| 00| 0 eng d
020 ## - INTERNATIONAL STANDARD BOOK NUMBER
International Standard Book Number 9781853261244
050 ## - LIBRARY OF CONGRESS CALL NUMBER
Classification number PZ 7
Item number .N458 1993
082 ## - DEWEY DECIMAL CLASSIFICATION NUMBER
Classification number CLA
Item number N36f 1993
100 ## - MAIN ENTRY--PERSONAL NAME
Personal name Nesbit, E.
9 (RLIN) 3327
245 ## - TITLE STATEMENT
Title Five children and it /
Statement of responsibility, etc E. Nesbit
260 ## - PUBLICATION, DISTRIBUTION, ETC. (IMPRINT)
Place of publication, distribution, etc Finland :
Name of publisher, distributor, etc Wordsworth Editions Ltd,
Date of publication, distribution, etc c1993.
300 ## - PHYSICAL DESCRIPTION
Extent 223 p. :
Other physical details ill. ;
Dimensions 18 cm.
562 ## - COPY AND VERSION IDENTIFICATION NOTE
Number of copies 2
650 ## - SUBJECT ADDED ENTRY--TOPICAL TERM
Topical term or geographic name as entry element Classics.
9 (RLIN) 2808
942 ## - ADDED ENTRY ELEMENTS (KOHA)
Source of classification or shelving scheme Library of Congress Classification
Koha item type Books
Holdings
Withdrawn status Lost status Source of classification or shelving scheme Damaged status Home library Current library Shelving location Date acquired Total Checkouts Full call number Barcode Date last seen Copy number Price effective from Koha item type
    Library of Congress Classification   Luxembourg Library Luxembourg Library Classic Section 07/23/2013   PZ 7 .N458 1993 3777 08/13/2013 1 07/23/2013 Books
    Library of Congress Classification   Luxembourg Library Luxembourg Library Classic Section 07/23/2013   PZ 7 .N458 1993 3848 05/27/2015 2 07/23/2013 Books

Five children and it /

APA

Nesbit E., . (1993). Five children and it. Finland: Wordsworth Editions Ltd.

Chicago

Nesbit E, . 1993. Five children and it. Finland: Wordsworth Editions Ltd.

Harvard

Nesbit E., . (1993). Five children and it. Finland: Wordsworth Editions Ltd.

MLA

Nesbit E, . Five children and it. Finland: Wordsworth Editions Ltd. 1993.

  • Place hold
  • Print
  • Cite
  • Add to your cart (remove)
  • Save record
    BIBTEX Dublin Core MARCXML MARC (non-Unicode/MARC-8) MARC (Unicode/UTF-8) MARC (Unicode/UTF-8, Standard) MODS (XML) RIS
  • More searches
    Search for this title in:
    Other Libraries (WorldCat) Other Databases (Google Scholar) Online Stores (Bookfinder.com) Open Library (openlibrary.org)

Exporting to Dublin Core...

SOUTHVILLE LIBRARY

Southville International School and Colleges Library

1281 Tropical Ave. Cor. Luxembourg St., BF Homes International, Las Pinas City

Tel. No. 8256374 / 252358 Loc. 117/146

Powered by Koha